000 00552nam a22001577a 4500
999 _c534879
_d534879
020 _qHard Cover.
082 _a628
100 _aAzahr, Tuba
245 _aEFFECT OF FEEDSTOCK FROM KITCHEN AND INDUSTRIAL WASTE ON THE QUALITY AND QUANTITY OF COMPOST USING EISENIA FETIDA /
_cTuba Azahr.
260 _aIslamabad :
_bIESE - NUST,
_c2015.
300 _aviii, 59 p. : ill. ;
_c30cm.
942 _2ddc
_cTHE
650 _aMS Thesis Environmental Science.
_929279
700 _aDr. Anwar Baig.
_929280